Liedtext - Wackelkontakt - Oimara - Statistiken

Allgemein
  • Dieses Quiz wurde 272 mal gespielt
  • Das Durchschnittsergebnis liegt bei 245 aus 358
Antwortstatistiken
Antwort % Korrekt
I
99%
i
99%
ein
97%
ich
97%
a
96%
eine
95%
aus
93%
da
93%
Da
93%
den
93%
Wär
92%
Lampe
92%
wär
92%
Wär
92%
dann
91%
Möbelstück
90%
Siebzigern
89%
die
86%
gern
84%
geh
82%
sicher
82%
Sicherungen
81%
mir
80%
vor
80%
Wackel-Wackel-Wackel-Wackel-Wackel-Wackel-Wackelkontakt
78%
glüh
77%
hauts
77%
auf
65%
Kernkraftwerke
64%
leer
63%
saug
60%
achttausend
59%
lauf
58%
Ampere
56%
er?
54%
er
54%
naus
54%
Wackelkontakt
54%
an
48%
An
48%
hob
48%
bin
42%
Wos
41%
der
40%
in
39%
so
39%
Hell
38%
hell
38%
und
36%
Und
36%
hod
32%
is
32%
geht
30%
Kapelle
30%
retro
30%
Sechzger
30%
mit
29%
wenn
29%
helle
28%
Highway
28%
hin
28%
no
28%
to
27%
Lombardi
26%
mich
26%
Pietro
25%
Wechselstrom
25%
feier
24%
steh
24%
gegen
23%
Jahr
23%
länger
23%
Licht
23%
Aber
22%
bei
22%
Gleichstrom
22%
auch
21%
Lampen
21%
ganz
20%
Leitung
20%
oft
20%
wieder
20%
ned
19%
feiern
18%
oben
17%
flackert
16%
geil
16%
Intelligenzbolzn
16%
öfter
16%
Mei
14%
ausschaun
13%
des
13%
Spannungsüberschreitung
12%
dua
11%
gliahn
10%
leidet
8%
Birndl
7%
Hellste
7%
gengan
5%
amoi
4%
Keine übereinstimmenden Quizze gefunden
Verteilung der Resultate
Anzahl Personen mit jedem Resultat
Perzentil nach korrekt beantworteten Fragen
Ihre Resultats-Entwicklung
Sie haben dieses Quiz noch nicht gespielt